[Event "SRB-chT 2nd League"]
[Site "Vrnjacka Banja"]
[Date "2022.11.05"]
[Round "2.4"]
[White "Joksimovic, Dragoljub"]
[Black "Marjanusic, Vladimir"]
[Result "0-1"]
[WhiteElo "2156"]
[BlackElo "2195"]
[PlyCount "72"]
[EventDate "2022.11.04"]
[EventType "team-tourn"]
[EventRounds "11"]
[EventCountry "SRB"]
[SourceTitle "CBM 211 Extra"]
[Source "ChessBase"]
[SourceDate "2023.01.31"]
[SourceVersion "1"]
[SourceVersionDate "2023.01.31"]
[SourceQuality "1"]
[WhiteTeam "Krajisnik Krajina"]
[BlackTeam "Pacir Backa"]
[WhiteTeamCountry "SRB"]
[BlackTeamCountry "SRB"]

1. Nf3 Nf6 2. g3 g6 3. Bg2 Bg7 4. d4 d5 5. 0-0 0-0 6. c4 dxc4 7. Nc3 c6 8. Ne5 Nbd7 9. Nxc4 Nb6 10. Ne5 Ng4 11. Nf3 e5 12. h3 exd4 13. Ne4 Re8 14. Neg5 Ne5 15. a4 Nxf3+ 16. Nxf3 a5 17. Bg5 Qd5 18. Bf4 Qc4 19. Re1 Nd5 20. Bd2 Bf5 21. Rc1 Qa6 22. Rc5 Qb6 23. Qc1 Be4 24. Ng5 Bxg2 25. Kxg2 Nc3 26. Rc4 Nxe2 27. Qc2 d3 28. Qxd3 Nd4 29. Rxe8+ Rxe8 30. b4 Qd8 31. Bc3 Qd5+ 32. f3 Nxf3 33. Qxf3 Qxc4 34. Bxg7 Re2+ 35. Kg1 Qc1+ 36. Qf1 Re1 0-1

[Event "Palic Karadzic Memorial op"]
[Site "Palic"]
[Date "2017.11.01"]
[Round "7"]
[White "Marjanusic, Vladimir"]
[Black "Subelj, Jan"]
[Result "1/2-1/2"]
[WhiteElo "2204"]
[BlackElo "2070"]
[PlyCount "98"]
[EventDate "2017.10.28"]
[EventType "swiss"]
[EventRounds "9"]
[EventCountry "SRB"]
[SourceTitle "CBM 181 Extra"]
[Source "ChessBase"]
[SourceDate "2017.12.12"]
[SourceVersion "1"]
[SourceVersionDate "2017.12.12"]
[SourceQuality "1"]

1. e4 e5 2. Nf3 Nc6 3. Bb5 a6 4. Ba4 Nge7 5. Nc3 d6 6. 0-0 b5 7. Bb3 Na5 8. h3 Ng6 9. Re1 Be7 10. Nd5 c5 11. c3 Nxb3 12. axb3 Bb7 13. d4 0-0 14. dxe5 dxe5 15. c4 b4 16. Be3 Re8 17. Qc2 Bd6 18. Rad1 a5 19. Re2 Nf8 20. Red2 Ra6 21. Ne1 Ne6 22. Nd3 Nd4 23. Bxd4 exd4 24. Re2 Bf8 25. f4 f5 26. e5 Bxd5 27. cxd5 Qxd5 28. Rc1 Rc8 29. Qc4 Qxc4 30. Rxc4 Kf7 31. Rec2 Rac6 32. Kf2 Ke6 33. Kf3 Kd5 34. Rc1 Be7 35. Ra1 Ra8 36. g4 g6 37. Rd1 Rb8 38. Ra1 Ra8 39. Rd1 Rb8 40. Ra1 Bd8 41. Rac1 Bb6 42. g5 Rh8 43. h4 h6 44. Kg3 h5 45. Kf3 Ra8 46. R1c2 Ra7 47. Rc1 Ra8 48. R1c2 Ra7 49. Rc1 Ra8 1/2-1/2

[Event "Palic Karadzic Memorial op"]
[Site "Palic"]
[Date "2016.11.02"]
[Round "6"]
[White "Marjanusic, Vladimir"]
[Black "Raja, Harshit"]
[Result "0-1"]
[WhiteElo "2193"]
[BlackElo "2302"]
[PlyCount "66"]
[EventDate "2016.10.29"]
[EventType "swiss"]
[EventRounds "9"]
[EventCountry "SRB"]
[SourceTitle "CBM 175 Extra"]
[Source "ChessBase"]
[SourceDate "2016.12.12"]
[SourceVersion "1"]
[SourceVersionDate "2016.12.12"]
[SourceQuality "1"]

1. d4 d5 2. c4 c6 3. Nf3 Nf6 4. e3 e6 5. b3 c5 6. Nbd2 cxd4 7. exd4 Nc6 8. Bb2 Be7 9. Bd3 0-0 10. 0-0 b6 11. Rc1 Bb7 12. Qe2 Rc8 13. Rfd1 Rc7 14. Ne5 dxc4 15. Ndxc4 Nb4 16. Bb1 Nbd5 17. g3 g6 18. a3 Qa8 19. Nd2 Rfc8 20. Qd3 Rd8 21. Re1 Rxc1 22. Rxc1 Bf8 23. Ndf3 Bh6 24. Re1 Ne7 25. h4 Nf5 26. Ng5 Rf8 27. Kh2 Qd8 28. Qc4 Bd5 29. Qc3 Nd6 30. f3 Nh5 31. Ne4 Nf5 32. Ng4 Bg7 33. Qd2 Nhxg3 0-1

[Event "SRB-chT"]
[Site "Palic"]
[Date "2014.09.02"]
[Round "4.3"]
[White "Arsovic, Zoran"]
[Black "Marjanusic, Vladimir"]
[Result "1-0"]
[WhiteElo "2435"]
[BlackElo "2276"]
[PlyCount "85"]
[EventDate "2014.08.30"]
[EventType "team-tourn"]
[EventRounds "11"]
[EventCountry "SRB"]
[SourceTitle "CBM 162 Extra"]
[Source "ChessBase"]
[SourceDate "2014.10.17"]
[SourceVersion "1"]
[SourceVersionDate "2014.10.17"]
[SourceQuality "1"]
[WhiteTeam "Belgrade Lasta"]
[BlackTeam "Pacir Backa"]
[WhiteTeamCountry "SRB"]
[BlackTeamCountry "SRB"]

1. Nf3 d5 2. g3 Nf6 3. Bg2 c6 4. 0-0 Bg4 5. c4 e6 6. cxd5 exd5 7. Qb3 Qb6 8. Qc2 Nbd7 9. d3 Be7 10. Nc3 0-0 11. e4 dxe4 12. dxe4 Rfe8 13. Be3 Qa5 14. Nd4 Ne5 15. h3 Bd7 16. f4 Nc4 17. Bf2 Bb4 18. e5 Bxc3 19. bxc3 Nd5 20. Rfe1 Rad8 21. a4 Bc8 22. Bf1 Ncb6 23. c4 Nb4 24. Qc3 Rxd4 25. Bxd4 c5 26. Bf2 Bd7 27. Bg2 Nxa4 28. Qb3 Rb8 29. f5 Na6 30. e6 fxe6 31. fxe6 Be8 32. Bd5 Qc3 33. e7+ Kh8 34. Qb1 Qf6 35. Ra3 Nc3 36. Qc1 Nxd5 37. cxd5 Bd7 38. Qd1 Qd6 39. g4 Re8 40. Rf3 h5 41. Bg3 Qg6 42. gxh5 Qg5 43. Re5 1-0

[Event "SRB-chT"]
[Site "Palic"]
[Date "2014.08.31"]
[Round "2.4"]
[White "Todorovic, Goran M"]
[Black "Marjanusic, Vladimir"]
[Result "1-0"]
[WhiteElo "2464"]
[BlackElo "2276"]
[PlyCount "49"]
[EventDate "2014.08.30"]
[EventType "team-tourn"]
[EventRounds "11"]
[EventCountry "SRB"]
[SourceTitle "CBM 162 Extra"]
[Source "ChessBase"]
[SourceDate "2014.10.17"]
[SourceVersion "1"]
[SourceVersionDate "2014.10.17"]
[SourceQuality "1"]
[WhiteTeam "Ruma Sloven"]
[BlackTeam "Pacir Backa"]
[WhiteTeamCountry "SRB"]
[BlackTeamCountry "SRB"]

1. e4 e5 2. Nf3 Nc6 3. Bb5 a6 4. Ba4 Nf6 5. 0-0 Be7 6. Re1 b5 7. Bb3 0-0 8. c3 d5 9. exd5 Nxd5 10. Nxe5 Nxe5 11. Rxe5 c6 12. d3 Bd6 13. Re1 Bf5 14. Bxd5 cxd5 15. Nd2 Bxd3 16. Qf3 Bg6 17. Nb3 Be4 18. Qh3 Qf6 19. Be3 Rfd8 20. Bc5 Bc7 21. Nd4 Be5 22. Re3 Bf4 23. Re2 Re8 24. Rae1 Re6 25. f3 1-0

[Event "Subotica-ch"]
[Site "Subotica"]
[Date "2009.02.27"]
[Round "6"]
[White "Marjanusic, Vladimir"]
[Black "Ikras, Djura"]
[Result "1-0"]
[WhiteElo "2280"]
[BlackElo "2102"]
[PlyCount "55"]
[EventDate "2009.02.16"]
[EventType "swiss"]
[EventRounds "9"]
[EventCountry "SRB"]
[SourceTitle "EXT 2019"]
[Source "ChessBase"]
[SourceDate "2018.10.10"]
[SourceVersion "1"]
[SourceVersionDate "2018.10.10"]
[SourceQuality "1"]

1. e4 c5 2. Nf3 e6 3. d4 cxd4 4. Nxd4 a6 5. Bd3 Qc7 6. 0-0 Nf6 7. Qe2 Bd6 8. h3 h5 9. Nc3 Nc6 10. Nxc6 dxc6 11. f4 e5 12. f5 Bc5+ 13. Be3 Qb6 14. Bxc5 Qxc5+ 15. Kh1 Bd7 16. Rf3 0-0-0 17. Bxa6 bxa6 18. Qxa6+ Kc7 19. Na4 Qb5 20. Qa7+ Kd6 21. Rd1+ Ke7 22. Rfd3 Ra8 23. Rxd7+ Nxd7 24. Rxd7+ Kf6 25. Rxf7+ Kg5 26. Qe3+ Kh4 27. Qf2+ Kg5 28. Qg3+ 1-0

[Event "Subotica-ch"]
[Site "Subotica"]
[Date "2009.02.25"]
[Round "5"]
[White "Petrekanovic, Miroslav"]
[Black "Marjanusic, Vladimir"]
[Result "1-0"]
[WhiteElo "2123"]
[BlackElo "2280"]
[PlyCount "39"]
[EventDate "2009.02.16"]
[EventType "swiss"]
[EventRounds "9"]
[EventCountry "SRB"]
[SourceTitle "EXT 2019"]
[Source "ChessBase"]
[SourceDate "2018.10.10"]
[SourceVersion "1"]
[SourceVersionDate "2018.10.10"]
[SourceQuality "1"]

1. d4 Nf6 2. Nf3 e6 3. c4 c5 4. d5 b5 5. Bg5 exd5 6. cxd5 d6 7. e4 a6 8. a4 Be7 9. Nbd2 Nxd5 10. axb5 Bxg5 11. Nc4 Bb7 12. Nxg5 0-0 13. Na5 Qxg5 14. Nxb7 Nb4 15. Qd2 Qe7 16. Nxd6 Rd8 17. Rd1 Rxd6 18. Qxd6 Nc2+ 19. Ke2 Nd4+ 20. Rxd4 1-0

[Event "Vojvodina Cup"]
[Site "Sombor"]
[Date "2008.05.02"]
[Round "2.2"]
[White "Andrijevic, Milan"]
[Black "Marjanusic, Vladimir"]
[Result "1/2-1/2"]
[WhiteElo "2368"]
[BlackElo "2267"]
[PlyCount "98"]
[EventDate "2008.05.01"]
[EventType "team-tourn"]
[EventRounds "5"]
[EventCountry "YUG"]
[SourceTitle "EXT 2011"]
[Source "ChessBase"]
[SourceDate "2010.11.26"]
[SourceVersion "1"]
[SourceVersionDate "2010.11.26"]
[SourceQuality "1"]

1. e4 e5 2. Nf3 Nc6 3. Bb5 a6 4. Ba4 Nf6 5. 0-0 b5 6. Bb3 Bc5 7. c3 d6 8. d4 Bb6 9. h3 h6 10. Re1 0-0 11. a4 Bb7 12. axb5 axb5 13. Rxa8 Bxa8 14. Na3 exd4 15. cxd4 Re8 16. e5 dxe5 17. dxe5 Qxd1 18. Bxd1 Nd7 19. e6 Rxe6 20. Rxe6 fxe6 21. Nxb5 Nce5 22. Nxe5 Nxe5 23. Be2 Kf7 24. Bf4 Kf6 25. Bd2 Nf7 26. Kf1 Nd6 27. Bc3+ Kf7 28. Be5 Nxb5 29. Bxb5 Bd5 30. g4 c6 31. Bd3 Bd8 32. f4 Bh4 33. Bd4 Bg3 34. Be3 e5 35. f5 e4 36. Ba6 Be5 37. b4 Bd6 38. Bc5 Bxc5 39. bxc5 Kf6 40. Kf2 Ke5 41. Ke3 Bb3 42. Bc8 Ba4 43. h4 Bd1 44. Bd7 Ba4 45. g5 hxg5 46. hxg5 Bb5 47. f6 gxf6 48. gxf6 Kxf6 49. Kxe4 Ke7 1/2-1/2